• 首页
  • 本馆介绍
  • 公告通知
  • 最新文献
  • 馆藏检索
  • 电子资源
  • 读者导购
  • 参考咨询
  • 我的图书馆
  • 登录
  • 详细信息显示
  • 放入我的书架
  • 预约/预借图书
  • 作者相关作品
  • 分类相关作品
  • 丛书相关作品
  • 出版社相关作品

书目信息

  • 表格格式
  • 工作单格式
  • 卡片格式
题名:
中国名帝选讲续集
    
 
作者: 尤玉祥 著
分册:  
出版信息: 北京   线装书局  2021
页数: 448页
开本: 24cm
丛书名:
单 册:
中图分类: K827=2
科图分类:
主题词: 皇帝--huang di--人物研究--中国
电子资源:
ISBN: 978-7-5120-4140-0
000 01022nam0 2200229 450
001 2159269926
005 20210926145352.0
010    @a978-7-5120-4140-0@dCNY78.00
100    @a20210407d2021 em y0chiy0120 ea
101 0  @achi
102    @aCN@b110000
105    @ay z 000yd
106    @ar
200 1  @a中国名帝选讲续集@Azhong guo ming di xuan jiang xu ji@f尤玉祥著
210    @a北京@c线装书局@d2021
215    @a448页@d24cm
330    @a本书讲析了中国历史上的六位皇帝,他们分别是:宋太祖赵匡胤、宋仁宗赵祯、宋高宗赵构、明太祖朱元璋、明成祖朱棣、明崇祯皇帝朱由检。六位皇帝所处的人生环境以及各自的人生经历均有很大的不同,因此在其共有的人性本质之上,均有着极其鲜明的个性特征和由此产生的不同作为。文中对六位皇帝经历的一件件大事、遇到大事的心理特征、做出的每一个抉择都做了客观地讲述,使读者对皇帝们可以有更加多面、深刻的认识。
606 0  @a皇帝@Ahuang di@x人物研究@y中国
690    @aK827=2@v5
701  0 @a尤玉祥@Ayou yu xiang@f(1949.10-)@4著
801  0 @aCN@b百万庄@c20210926
905    @b1299724-27@dK827=2@e1049@f4
    
    中国名帝选讲续集/尤玉祥著.-北京:线装书局,2021
    448页;24cm
    
    
    ISBN 978-7-5120-4140-0:CNY78.00
    本书讲析了中国历史上的六位皇帝,他们分别是:宋太祖赵匡胤、宋仁宗赵祯、宋高宗赵构、明太祖朱元璋、明成祖朱棣、明崇祯皇帝朱由检。六位皇帝所处的人生环境以及各自的人生经历均有很大的不同,因此在其共有的人性本质之上,均有着极其鲜明的个性特征和由此产生的不同作为。文中对六位皇帝经历的一件件大事、遇到大事的心理特征、做出的每一个抉择都做了客观地讲述,使读者对皇帝们可以有更加多面、深刻的认识。
●
相关链接 在E读中查询图书 在五车中查询图书 在当当中查询图书 在豆瓣中查询图书


正题名:中国名帝选讲续集     索取号:K827=2/1049         预约/预借

序号 登录号 条形码 馆藏地/架位号 状态 备注
1 1299724   212997248   第二样本阅览室/ [索取号:K827=2/1049] 在馆    
2 1299725   212997257   第二借阅区/ [索取号:K827=2/1049] 在馆    
3 1299726   212997266   第二借阅区/ [索取号:K827=2/1049] 在馆    
4 1299727   212997275   第二借阅区/ [索取号:K827=2/1049] 在馆    
唐山师范学院图书馆 欢迎您!
大连网信软件有限公司© 版权所有